000 00730nam a2200229Ii 4500
003 JO-AjNU
008 230605s9999||||xx |||||||||||||| ||und||
017 _a1424/2849
020 _a9960-42-155-4
040 _aJO-AjNU
_bara
_erda
_cJO-AjNU
041 _aara
050 1 4 _aBP44.N34.2003
100 3 _aالناجي،سحر,
_eauthor
_916902
245 0 0 _aكيف تربين طفلك في ظلال التربية الإسلامية
250 _aط1
264 3 1 _aالرياض:دار طويق للنشر والتوزيع ، 2003
300 _a165ص
336 _atext
_btxt
_2rdacontent
337 _aunmediated
_bn
_2rdamedia
338 _avolume
_bnc
_2rdacarrier
650 4 _aالاطفال-تربية اسلامية
_916903
999 _aA5111
_c8679
_d8679